000 00380nam a22001577a 4500
003 MPLRDC
005 20220104125004.0
008 210129b ||||| |||| 00| 0 eng d
082 _a802.35 STE
100 _aB.T.W.STEWART
245 _a百人传实
_c
260 _a
_b联营出版有限公司
_c
300 _b
650 _a成语、熟语字典
942 _cBK
_o802.35 STE
999 _c23748
_d23738